000 00749na a2200265 4500
001 14025
003 MIRAKIL
005 20181213154848.0
008 160823b tu 000 0
020 _a9786051063492
035 _a14025
040 _aMilas
_btur
_cTR-AnCHP
082 _aATA 923.156
_bG96a 2011
090 _aATA 923.156 G96a 2011
100 _aGürsoy, Yaşar
245 _aAtatürk ve can yoldaşı Nuri Conker
_cYaşar Gürsoy
260 _aİstanbul
_bAlfa
_c2011
300 _axi, 227 s.
_bfotg.
_c21 sm.
490 _aAnı-Anlatı
_v28
490 _aAlfa Yayınları
_v2208
504 _aKaynakça var.
600 _aConker, Nuri, 1882-1939
600 _aAtatürk, Mustafa Kemal
_d1881-1938
_xAnılar
942 _2ddc
_cBKS
999 _c2170
_d2170